Trends in Indian culture and heritage : (Record no. 58091)

MARC details
000 -LEADER
fixed length control field 00844nam a22002297a 4500
005 - DATE AND TIME OF LATEST TRANSACTION
control field 20111104103957.0
008 - FIXED-LENGTH DATA ELEMENTS--GENERAL INFORMATION
fixed length control field 111104t xxu||||| |||| 00| 0 eng d
010 ## - LCCN (DPL NO)
LC control number ENG-104030
020 ## - INTERNATIONAL STANDARD BOOK NUMBER
International Standard Book Number 9788124116487
Terms of availability 595.00
035 ## - SYSTEM CONTROL NUMBER
System control number EN-87563
037 ## - SOURCE OF ACQUISITION
Source of stock number/acquisition DBAD/PUB
040 ## - CATALOGING SOURCE
Original cataloging agency DPL
Language of cataloging Eng
082 ## - DEWEY DECIMAL CLASSIFICATION NUMBER
Classification number 000
100 ## - MAIN ENTRY--PERSONAL NAME
9 (RLIN) 35683
Personal name Sayeed, Ausaf
245 ## - TITLE STATEMENT
Title Trends in Indian culture and heritage :
Statement of responsibility, etc by Ausaf Sayeed
Remainder of title for Civil Services (prelims and mains) and other competitive examinations /
260 ## - PUBLICATION, DISTRIBUTION, ETC. (IMPRINT)
Place of publication, distribution, etc New Delhi
Name of publisher, distributor, etc Har-Anand Publications
Date of publication, distribution, etc 2012
270 ## - ADDRESS
Address E-49/3, Okhla Industrial Area, Phase-II
City New Delhi
Postal code 110020
300 ## - PHYSICAL DESCRIPTION
Extent 579p.
Dimensions 24cm (pbk)
700 ## - ADDED ENTRY--PERSONAL NAME
9 (RLIN) 35668
942 ## - ADDED ENTRY ELEMENTS (KOHA)
Source of classification or shelving scheme Dewey Decimal Classification
Item type English Books
Classification part 000
Call number suffix SAY
Holdings
Withdrawn status Lost status Source of classification or shelving scheme Damaged status Not for loan Collection code Home library Current library Date acquired Source of acquisition Cost, normal purchase price Total Checkouts Full call number Barcode Date last seen Copy number Cost, replacement price Koha item type
    Dewey Decimal Classification   Not For Loan Non-fiction D.B.Act.Division D.B.Act.Division 04/11/2011 DBAD/PUB 595.00   000 SAY EN-87563 04/11/2011 1 595.00 English Books

© Delhi Public Library
Hit Counter
free hit counter